| 000 | 01052nam a2200277 a 4500 | ||
|---|---|---|---|
| 001 | 67223 | ||
| 003 | BD-RjUL | ||
| 005 | 20211209081628.0 | ||
| 008 | 170323s1975 ne a b 101 0 eng | ||
| 020 |
_a0444151818 (American Elsevier) : _cfl 53.00 |
||
| 035 | _a(BD-RjUL)67354 | ||
| 040 |
_aDLC _cDLC _dBD-RjUL _beng |
||
| 041 | _aeng | ||
| 082 | 0 | 0 |
_a155.422 _223 _bPAR 1975 |
| 245 | 1 | 0 |
_aParent-infant interaction / _cSymposium on the Parent-Infant Relationship |
| 260 |
_aAmsterdam ; _aNew York : _bElsevier : Excerpta Medica, _c1975. |
||
| 300 |
_aviii, 324 p. : _bill. ; _c25 cm. |
||
| 490 | 1 | _aCiba Foundation Symposium ; (new ser.) 33 | |
| 500 | _aProceedings of the symposium held at the Ciba Foundation, London, 5th-7th Nov. 1974. | ||
| 504 | _aIncludes bibliographies and indexes. | ||
| 650 | 0 |
_aInfant psychology _xCongresses. _9170609 |
|
| 650 | 0 |
_aParent and infant _xCongresses. _9199167 |
|
| 710 | 2 |
_aCiba Foundation. _9199168 |
|
| 711 |
_aSymposium on the Parent-Infant Relationship, _cLondon, Eng., _d1974. _9199166 |
||
| 942 |
_2ddc _cBK |
||
| 999 |
_c67223 _d67223 |
||